Statistics for Uzbekistan First Level Subdivisions

Click here to take the quiz!

General Stats

  • This quiz has been taken 113 times
  • The average score is 7 of 14

Answer Stats

Viloyatlar% Correct
Tashkent
100%
Tashkent
100%
Karakalpakstan
75%
Bukhara
70%
Fergana
55%
Samarqand
55%
Andijan
40%
Namangan
35%
Navoiy
33%
Qashqadaryo
30%
Sirdaryo
28%
Jizzakh
25%
Xorazm
25%
Surxondaryo
23%

Score Distribution

Percentile by Number Answered

Percent of People with Each Score

Your Score History

You have not taken this quiz